[Event "CRO-chT (Women) 30th"]
[Site "Porec"]
[Date "2022.10.01"]
[Round "9.4"]
[White "Grgic, Neomi"]
[Black "Vodopija, Irina"]
[Result "1/2-1/2"]
[WhiteElo "1976"]
[BlackElo "1724"]
[PlyCount "38"]
[EventDate "2022.09.24"]
[EventType "team-tourn"]
[EventRounds "9"]
[EventCountry "CRO"]
[SourceTitle "CBM 210 Extra"]
[Source "ChessBase"]
[SourceDate "2022.11.30"]
[SourceVersion "1"]
[SourceVersionDate "2022.11.30"]
[SourceQuality "1"]
[WhiteTeam "Velimirovac Radnik (W)"]
[BlackTeam "Zagreb Ericsson Tesla (W)"]
[WhiteTeamCountry "CRO"]
[BlackTeamCountry "CRO"]

1. e4 c6 2. Nc3 d5 3. Nf3 dxe4 4. Nxe4 Nd7 5. Bc4 e6 6. 0-0 Ngf6 7. Ng3 Be7 8. d4 0-0 9. Qe2 Nb6 10. Bd3 c5 11. dxc5 Bxc5 12. Rd1 Qc7 13. Bg5 Nbd7 14. Ne4 Be7 15. Qe3 a6 16. c3 b6 17. Nh4 Re8 18. Nxf6+ Nxf6 19. Bxf6 Bxf6 1/2-1/2

[Event "CRO-chT (Women) 29th"]
[Site "Mali Losinj"]
[Date "2021.09.30"]
[Round "6.12"]
[White "Smetisko, Marija"]
[Black "Grgic, Neomi"]
[Result "1/2-1/2"]
[WhiteElo "1851"]
[BlackElo "1947"]
[PlyCount "22"]
[EventDate "2021.09.25"]
[EventType "team-tourn"]
[EventRounds "9"]
[EventCountry "CRO"]
[SourceTitle "CBM 204 Extra"]
[Source "ChessBase"]
[SourceDate "2021.11.30"]
[SourceVersion "1"]
[SourceVersionDate "2021.11.30"]
[SourceQuality "1"]
[WhiteTeam "Djurdjevac Picok (W)"]
[BlackTeam "Velimirovac Radnik (W)"]
[WhiteTeamCountry "CRO"]
[BlackTeamCountry "CRO"]

1. e4 e5 2. Nf3 Nc6 3. Bc4 Bc5 4. Nc3 Nf6 5. d3 d6 6. h3 h6 7. a3 a6 8. 0-0 0-0 9. Re1 Re8 10. Qe2 Ba7 11. Ba2 Qe7 1/2-1/2

[Event "CRO-chT (Women) 27th"]
[Site "Biograd"]
[Date "2018.09.15"]
[Round "9.52"]
[White "Grgic, Neomi"]
[Black "Medic, Mirjana"]
[Result "1-0"]
[WhiteElo "1851"]
[BlackElo "2167"]
[PlyCount "87"]
[EventDate "2018.09.08"]
[EventType "team-tourn"]
[EventRounds "9"]
[EventCountry "CRO"]
[SourceTitle "CBM 186 Extra"]
[Source "ChessBase"]
[SourceDate "2018.08.24"]
[SourceVersion "1"]
[SourceVersionDate "2018.08.24"]
[SourceQuality "1"]
[WhiteTeam "Djakovo Dama (W)"]
[BlackTeam "Busevec Polet (W)"]
[WhiteTeamCountry "CRO"]
[BlackTeamCountry "CRO"]

1. e4 e6 2. d4 d5 3. Nd2 Nf6 4. e5 Nfd7 5. Bd3 c5 6. c3 Nc6 7. Ne2 cxd4 8. cxd4 Nb6 9. 0-0 Be7 10. Nf3 Bd7 11. Nf4 g6 12. a3 a5 13. Qc2 a4 14. Nh3 Na5 15. Bh6 Nb3 16. Rad1 Rc8 17. Qe2 Nc4 18. Nfg5 Nxd4 19. Qg4 Nf5 20. Bxf5 exf5 21. Qh4 Be6 22. Bg7 Rg8 23. Qh6 Nxb2 24. Rb1 Rc2 25. Nxe6 fxe6 26. Qxh7 Kd7 27. Nf4 Qe8 28. Bf6 Rf8 29. Qxe7+ Qxe7 30. Bxe7 Kxe7 31. Nxg6+ Kf7 32. Nxf8 Kxf8 33. f4 b6 34. Rf2 Rxf2 35. Kxf2 Nc4 36. h3 Kf7 37. g4 fxg4 38. hxg4 Ke7 39. Ke2 Nxa3 40. Rxb6 Nc4 41. Ra6 a3 42. Kd3 Nb2+ 43. Kd4 Nd1 44. f5 1-0

[Event "CRO-chT (Women) 27th"]
[Site "Biograd"]
[Date "2018.09.12"]
[Round "6.32"]
[White "Ivekovic, Tihana"]
[Black "Grgic, Neomi"]
[Result "1-0"]
[WhiteElo "2114"]
[BlackElo "1851"]
[PlyCount "69"]
[EventDate "2018.09.08"]
[EventType "team-tourn"]
[EventRounds "9"]
[EventCountry "CRO"]
[SourceTitle "CBM 186 Extra"]
[Source "ChessBase"]
[SourceDate "2018.08.24"]
[SourceVersion "1"]
[SourceVersionDate "2018.08.24"]
[SourceQuality "1"]
[WhiteTeam "Rijeka Liburnija (W)"]
[BlackTeam "Djakovo Dama (W)"]
[WhiteTeamCountry "CRO"]
[BlackTeamCountry "CRO"]

1. d4 Nf6 2. c4 e6 3. g3 Be7 4. Bg2 d5 5. Nf3 0-0 6. 0-0 c6 7. Nbd2 b6 8. Qc2 Bb7 9. Rd1 Na6 10. e4 Nb4 11. Qb1 dxc4 12. e5 Nfd5 13. Nxc4 Ba6 14. Bf1 c5 15. a3 Nc6 16. Qe4 Nxd4 17. Nxd4 cxd4 18. Qxd4 Qc7 19. Bd3 Bxc4 20. Bxc4 Rad8 21. Bd2 Bc5 22. Qe4 Ne7 23. Bc3 Rxd1+ 24. Rxd1 Rd8 25. Rxd8+ Qxd8 26. b4 Nd5 27. bxc5 Nxc3 28. Qf3 Na4 29. c6 Nc5 30. c7 Qc8 31. Qc6 Kf8 32. Qd6+ Ke8 33. Bb5+ Nd7 34. Qxd7+ Qxd7 35. c8Q+ 1-0

[Event "CRO-chT (Women) 27th"]
[Site "Biograd"]
[Date "2018.09.10"]
[Round "4.42"]
[White "Berke, Ana"]
[Black "Grgic, Neomi"]
[Result "1-0"]
[WhiteElo "2170"]
[BlackElo "1851"]
[PlyCount "83"]
[EventDate "2018.09.08"]
[EventType "team-tourn"]
[EventRounds "9"]
[EventCountry "CRO"]
[SourceTitle "CBM 186 Extra"]
[Source "ChessBase"]
[SourceDate "2018.08.24"]
[SourceVersion "1"]
[SourceVersionDate "2018.08.24"]
[SourceQuality "1"]
[WhiteTeam "Rijeka Draga (W)"]
[BlackTeam "Djakovo Dama (W)"]
[WhiteTeamCountry "CRO"]
[BlackTeamCountry "CRO"]

1. d4 Nf6 2. Bf4 e6 3. e3 d5 4. c3 Be7 5. Nd2 0-0 6. Ngf3 Nbd7 7. Bd3 c5 8. Ne5 Re8 9. h4 Qb6 10. Rb1 Bd6 11. g4 Qc7 12. g5 Ne4 13. Bxe4 dxe4 14. Ndc4 Nxe5 15. dxe5 Bf8 16. Nd6 Bxd6 17. exd6 Qc6 18. Be5 Qd5 19. Qxd5 exd5 20. Bf4 f6 21. 0-0 Be6 22. Rfd1 b5 23. Rd2 Kf7 24. Rbd1 fxg5 25. Bxg5 h6 26. Be7 Rec8 27. Kh2 a5 28. Kg3 Ra7 29. Kf4 b4 30. Rg1 g6 31. Ke5 Rg8 32. Rg3 a4 33. h5 g5 34. f3 a3 35. cxb4 axb2 36. Rxb2 d4 37. fxe4 Bxa2 38. exd4 cxb4 39. Rxb4 g4 40. Kf4 Ra5 41. d5 Ke8 42. Rb8+ 1-0

[Event "CRO-chT (Women) 27th"]
[Site "Biograd"]
[Date "2018.09.08"]
[Round "1.12"]
[White "Spiranec, Noemi"]
[Black "Grgic, Neomi"]
[Result "1/2-1/2"]
[WhiteElo "2035"]
[BlackElo "1851"]
[PlyCount "54"]
[EventDate "2018.09.08"]
[EventType "team-tourn"]
[EventRounds "9"]
[EventCountry "CRO"]
[SourceTitle "CBM 186 Extra"]
[Source "ChessBase"]
[SourceDate "2018.08.24"]
[SourceVersion "1"]
[SourceVersionDate "2018.08.24"]
[SourceQuality "1"]
[WhiteTeam "Sisak (W)"]
[BlackTeam "Djakovo Dama (W)"]
[WhiteTeamCountry "CRO"]
[BlackTeamCountry "CRO"]

1. d4 Nf6 2. c4 e6 3. g3 d5 4. Bg2 Be7 5. Nf3 0-0 6. 0-0 dxc4 7. Ne5 Nc6 8. Bxc6 bxc6 9. Nxc6 Qe8 10. Nxe7+ Qxe7 11. Qa4 e5 12. dxe5 Qxe5 13. Qxc4 Be6 14. Qd3 Rad8 15. Qe3 Qh5 16. f3 Rfe8 17. Qf2 Bc4 18. Re1 Bxe2 19. Rxe2 Rd1+ 20. Kg2 Rxe2 21. Qxe2 Rxc1 22. Qd2 Qc5 23. Qd8+ Qf8 24. Qd2 Qc5 25. Qd8+ Qf8 26. Qd2 Qc5 27. Qd8+ Qf8 1/2-1/2

[Event "CRO-chT (Women) 26th"]
[Site "Mali Losinj"]
[Date "2017.10.02"]
[Round "6.43"]
[White "Saric, Zrinka"]
[Black "Grgic, Neomi"]
[Result "1-0"]
[WhiteElo "2152"]
[BlackElo "1847"]
[PlyCount "24"]
[EventDate "2017.09.28"]
[EventType "team-tourn"]
[EventRounds "9"]
[EventCountry "CRO"]
[SourceTitle "EXT 2018"]
[Source "ChessBase"]
[SourceDate "2017.10.13"]
[SourceVersion "1"]
[SourceVersionDate "2017.10.13"]
[SourceQuality "1"]
[WhiteTeam "Rijeka Liburnija (W)"]
[BlackTeam "Djakovo Dama (W)"]
[WhiteTeamCountry "CRO"]
[BlackTeamCountry "CRO"]

1. e4 e5 2. Nf3 Nc6 3. Bb5 a6 4. Ba4 Nf6 5. 0-0 Be7 6. Re1 b5 7. Bb3 d6 8. c3 0-0 9. h3 Nb8 10. d4 Nbd7 11. Bc2 c5 12. d5 c4 1-0

[Event "CRO-chT (Women) 26th"]
[Site "Mali Losinj"]
[Date "2017.09.28"]
[Round "1.33"]
[White "Grgic, Neomi"]
[Black "Bogdanic, Katarina"]
[Result "1-0"]
[WhiteElo "1847"]
[BlackElo "1982"]
[PlyCount "133"]
[EventDate "2017.09.28"]
[EventType "team-tourn"]
[EventRounds "9"]
[EventCountry "CRO"]
[SourceTitle "EXT 2018"]
[Source "ChessBase"]
[SourceDate "2017.10.13"]
[SourceVersion "1"]
[SourceVersionDate "2017.10.13"]
[SourceQuality "1"]
[WhiteTeam "Djakovo Dama (W)"]
[BlackTeam "Rijeka Draga (W)"]
[WhiteTeamCountry "CRO"]
[BlackTeamCountry "CRO"]

1. e4 c5 2. Nf3 e6 3. d4 cxd4 4. Nxd4 a6 5. Bd3 Qc7 6. Qe2 d6 7. Be3 Nf6 8. 0-0 Be7 9. c4 Nbd7 10. f4 0-0 11. Nc3 b6 12. Rac1 Bb7 13. b4 Rac8 14. a3 Qb8 15. Kh1 Qa8 16. Bd2 Rfe8 17. e5 dxe5 18. fxe5 Nxe5 19. Qxe5 Bxg2+ 20. Kg1 Bxf1 21. Rxf1 Rcd8 22. Be3 Bd6 23. Qg5 Be7 24. Qg3 Bd6 25. Qh4 Be7 26. Bg5 Qb7 27. Bc2 Rc8 28. Nde2 Qc7 29. Bxf6 Bxf6 30. Qxh7+ Kf8 31. Bd3 Ke7 32. Qe4 Qe5 33. Qxe5 Bxe5 34. Na4 Rcd8 35. Rf3 Bc7 36. c5 b5 37. Nac3 Rh8 38. h3 Rh4 39. Kg2 g6 40. Re3 f5 41. Bc2 e5 42. Bb3 f4 43. Rf3 Rd2 44. Kf2 Kd7 45. Ne4 Rb2 46. Rd3+ Kc8 47. Bf7 Rh6 48. N4c3 g5 49. Bd5 Bd8 50. Be4 Bc7 51. Bd5 Bd8 52. Ke1 a5 53. Nd1 Rb1 54. Nec3 Ra1 55. Nxb5 axb4 56. axb4 Ra4 57. Nd6+ Kc7 58. Nf7 Rha6 59. Nxd8 Kxd8 60. Bb7+ Kc7 61. Bxa6 Rxa6 62. Nc3 Ra1+ 63. Kf2 Rh1 64. Kg2 Re1 65. Kf3 Rh1 66. Kg4 Rg1+ 67. Kf5 1-0

[Event "CRO-chT (Women)"]
[Site "Sibenik"]
[Date "2016.10.13"]
[Round "7.2"]
[White "Grgic, Neomi"]
[Black "Turk, Vesna"]
[Result "1-0"]
[WhiteElo "1824"]
[BlackElo "1745"]
[PlyCount "57"]
[EventDate "2016.10.08"]
[EventType "team-tourn"]
[EventRounds "9"]
[EventCountry "CRO"]
[SourceTitle "EXT 2017"]
[Source "ChessBase"]
[SourceDate "2016.10.25"]
[SourceVersion "1"]
[SourceVersionDate "2016.10.25"]
[SourceQuality "1"]
[WhiteTeam "Djakovo Dama (W)"]
[BlackTeam "Sisak (W)"]
[WhiteTeamCountry "CRO"]
[BlackTeamCountry "CRO"]

1. e4 d5 2. exd5 Qxd5 3. Nc3 Qd8 4. d4 c6 5. Nf3 Nf6 6. g3 Bg4 7. Bg2 e6 8. h3 Bh5 9. g4 Bg6 10. Ne5 Bb4 11. Nxg6 hxg6 12. 0-0 Nbd7 13. Ne2 Qc7 14. c4 Rd8 15. c5 Nxc5 16. Bg5 Qb6 17. a3 Ba5 18. b4 Bxb4 19. axb4 Qxb4 20. Bd2 Qb2 21. Bc3 Qb5 22. Ra5 Qb6 23. Rxc5 Qxc5 24. dxc5 Rxd1 25. Rxd1 0-0 26. Rb1 a5 27. Bxf6 gxf6 28. Rxb7 Ra8 29. Bxc6 1-0

[Event "CRO-chT (Women)"]
[Site "Sibenik"]
[Date "2016.10.08"]
[Round "1.4"]
[White "Bogdanic, Katarina"]
[Black "Grgic, Neomi"]
[Result "1-0"]
[WhiteElo "1842"]
[BlackElo "1824"]
[PlyCount "39"]
[EventDate "2016.10.08"]
[EventType "team-tourn"]
[EventRounds "9"]
[EventCountry "CRO"]
[SourceTitle "EXT 2017"]
[Source "ChessBase"]
[SourceDate "2016.10.25"]
[SourceVersion "1"]
[SourceVersionDate "2016.10.25"]
[SourceQuality "1"]
[WhiteTeam "Rijeka Draga (W)"]
[BlackTeam "Djakovo Dama (W)"]
[WhiteTeamCountry "CRO"]
[BlackTeamCountry "CRO"]

1. c4 e5 2. g3 Nf6 3. Bg2 d5 4. cxd5 Nxd5 5. Nc3 Nb6 6. Nf3 Nc6 7. 0-0 Be7 8. a3 Bxa3 9. bxa3 Be6 10. d3 f6 11. Be3 Nd4 12. Bxd4 exd4 13. Na4 0-0 14. Nxb6 axb6 15. e3 dxe3 16. fxe3 Qd7 17. Qe2 Rfd8 18. Rad1 c5 19. Qc2 Qb5 20. Qb1 1-0

[Event "Wch U18 Girls"]
[Site "Porto Carras"]
[Date "2015.10.25"]
[Round "1"]
[White "Grgic, Neomi"]
[Black "Khomeriki, Nino"]
[Result "0-1"]
[WhiteElo "1927"]
[BlackElo "2295"]
[PlyCount "82"]
[EventDate "2015.10.25"]
[EventType "swiss"]
[EventRounds "11"]
[EventCountry "GRE"]
[SourceTitle "CBM 169 Extra"]
[Source "ChessBase"]
[SourceDate "2015.12.18"]
[SourceVersion "1"]
[SourceVersionDate "2015.12.18"]
[SourceQuality "1"]

1. e4 e5 2. Nf3 Nc6 3. Bb5 a6 4. Ba4 Nf6 5. 0-0 Be7 6. Re1 b5 7. Bb3 d6 8. c3 0-0 9. d4 Bg4 10. d5 Na5 11. Bc2 c6 12. b4 Nc4 13. dxc6 Qc7 14. a4 Qxc6 15. Qe2 Rfc8 16. Bd3 Be6 17. Na3 bxa4 18. Nxc4 Bxc4 19. Bxc4 Qxc4 20. Bb2 Qb5 21. Qc2 Qxb4 22. Rxa4 Qb5 23. c4 Qc6 24. Nd2 Nd7 25. Rea1 Nc5 26. R4a2 Bg5 27. Nf3 h6 28. Nxg5 hxg5 29. f3 Rab8 30. Ba3 Nb3 31. Rd1 Nd4 32. Qf2 Rb3 33. Bb2 Ne6 34. Ba3 Qxc4 35. Bxd6 Rd3 36. Rad2 Rxd2 37. Qxd2 Rd8 38. Qd5 Qe2 39. Ra1 Nf4 40. Qa2 Qxa2 41. Rxa2 Rxd6 0-1

[Event "CRO-chT (Women) 24th"]
[Site "Bol"]
[Date "2015.10.07"]
[Round "6.13"]
[White "Grgic, Neomi"]
[Black "Jelica, Mara"]
[Result "1/2-1/2"]
[WhiteElo "1927"]
[BlackElo "2189"]
[PlyCount "158"]
[EventDate "2015.10.03"]
[EventType "team-tourn"]
[EventRounds "9"]
[EventCountry "CRO"]
[SourceTitle "CBM 168 Extra"]
[Source "ChessBase"]
[SourceDate "2015.10.29"]
[SourceVersion "1"]
[SourceVersionDate "2015.10.29"]
[SourceQuality "1"]
[WhiteTeam "Djakovo Dama (W)"]
[BlackTeam "Busevec Polet (W)"]
[WhiteTeamCountry "CRO"]
[BlackTeamCountry "CRO"]

1. e4 c5 2. Nf3 Nc6 3. d4 cxd4 4. Nxd4 Nf6 5. Nc3 g6 6. Be3 Bg7 7. Bc4 0-0 8. Bb3 d6 9. f3 Bd7 10. h4 h5 11. Qd2 Qa5 12. 0-0-0 Rfc8 13. Kb1 Ne5 14. Bg5 Nc4 15. Bxc4 Rxc4 16. Bxf6 Bxf6 17. Nd5 Qxd2 18. Nxf6+ exf6 19. Rxd2 Rac8 20. c3 Kf8 21. Rhd1 Ke7 22. Nc2 f5 23. Rxd6 Be6 24. Ne3 Ra4 25. b3 Ra5 26. exf5 gxf5 27. R6d3 Rac5 28. Kb2 f4 29. Nd5+ Bxd5 30. Rxd5 Rxc3 31. R1d2 R3c5 32. Rd7+ Ke6 33. Rxb7 a5 34. a3 Re5 35. Rb6+ Ke7 36. b4 Rec5 37. bxa5 Rxa5 38. Rb4 Rc6 39. Rxf4 Rca6 40. Rd3 Rg6 41. g4 hxg4 42. fxg4 Re6 43. a4 Re1 44. Rdf3 f6 45. Rh3 Rd5 46. h5 Rd2+ 47. Kc3 Ra2 48. Kb4 Rb1+ 49. Rb3 Rba1 50. Kb5 Re1 51. Rbb4 Re5+ 52. Kb6 Kf7 53. Rb5 Re6+ 54. Kb7 Kg7 55. Rb6 Re5 56. Rbxf6 Rxa4 57. Rxa4 Kxf6 58. Kb6 Rd5 59. Kc6 Rd1 60. Kc5 Kg5 61. Rd4 Ra1 62. Kc4 Ra3 63. Re4 Rf3 64. Kd4 Rh3 65. Ke5 Rf3 66. Ke6 Rf2 67. Re1 Rf6+ 68. Ke7 Rf2 69. Rh1 Re2+ 70. Kf8 Re6 71. Kf7 Rf6+ 72. Kg7 Rb6 73. h6 Rb7+ 74. Kf8 Rh7 75. Rh5+ Kg6 76. Ra5 Rxh6 77. Ra6+ Kg5 78. Rxh6 Kxh6 79. g5+ Kxg5 1/2-1/2

[Event "CRO-chT (Women) 24th"]
[Site "Bol"]
[Date "2015.10.06"]
[Round "5.33"]
[White "Macek, Vlasta"]
[Black "Grgic, Neomi"]
[Result "1-0"]
[WhiteElo "2184"]
[BlackElo "1927"]
[PlyCount "85"]
[EventDate "2015.10.03"]
[EventType "team-tourn"]
[EventRounds "9"]
[EventCountry "CRO"]
[SourceTitle "CBM 168 Extra"]
[Source "ChessBase"]
[SourceDate "2015.10.29"]
[SourceVersion "1"]
[SourceVersionDate "2015.10.29"]
[SourceQuality "1"]
[WhiteTeam "Zagreb Mladost (W)"]
[BlackTeam "Djakovo Dama (W)"]
[WhiteTeamCountry "CRO"]
[BlackTeamCountry "CRO"]

1. d4 Nf6 2. c4 e6 3. Nf3 b6 4. g3 Bb7 5. Bg2 Be7 6. 0-0 0-0 7. Nc3 Ne4 8. Qc2 Nxc3 9. Qxc3 Bf6 10. Qd2 d5 11. cxd5 Bxd5 12. Rd1 Bb7 13. b3 Qe7 14. Bb2 c5 15. dxc5 Bxb2 16. Qxb2 bxc5 17. Rac1 Na6 18. Ne1 Rfd8 19. Nd3 Bxg2 20. Kxg2 Qb7+ 21. f3 Qb6 22. Ne5 Nb4 23. Nc4 Qa6 24. Rxd8+ Rxd8 25. Ra1 h6 26. Kf2 Nd5 27. Rd1 Rb8 28. Rd2 Qb7 29. Qe5 Ra8 30. e4 Nb6 31. Qxc5 Rc8 32. Qb4 Qc7 33. Nxb6 Qxb6+ 34. Qxb6 axb6 35. Ke3 Kf8 36. Kd3 Rc1 37. Rc2 Rd1+ 38. Kc4 Ke7 39. Kb5 Rd6 40. e5 Rd5+ 41. Kc6 Rxe5 42. a4 Re3 43. b4 1-0

[Event "CRO-chT (Women) 24th"]
[Site "Bol"]
[Date "2015.10.04"]
[Round "2.33"]
[White "Grgic, Neomi"]
[Black "Saric, Zrinka"]
[Result "1/2-1/2"]
[WhiteElo "1927"]
[BlackElo "2118"]
[PlyCount "113"]
[EventDate "2015.10.03"]
[EventType "team-tourn"]
[EventRounds "9"]
[EventCountry "CRO"]
[SourceTitle "CBM 168 Extra"]
[Source "ChessBase"]
[SourceDate "2015.10.29"]
[SourceVersion "1"]
[SourceVersionDate "2015.10.29"]
[SourceQuality "1"]
[WhiteTeam "Djakovo Dama (W)"]
[BlackTeam "Rijeka Liburija (W)"]
[WhiteTeamCountry "CRO"]
[BlackTeamCountry "CRO"]

1. e4 c5 2. Nf3 Nc6 3. d4 cxd4 4. Nxd4 g6 5. Nc3 Bg7 6. Be3 Nf6 7. Bc4 0-0 8. Bb3 d6 9. f3 Bd7 10. Qd2 Nxd4 11. Bxd4 b5 12. h4 h5 13. Nd5 Nxd5 14. Bxg7 Kxg7 15. Bxd5 Rc8 16. 0-0-0 a5 17. Qd4+ e5 18. Qd2 Bc6 19. g4 Rh8 20. g5 Qc7 21. Rh2 Rhd8 22. Bxc6 Qxc6 23. Qd3 Qb6 24. Qd2 Rc4 25. b3 Rd4 26. Qf2 Rxd1+ 27. Kxd1 Qc6 28. Qd2 d5 29. Kc1 a4 30. Rf2 axb3 31. axb3 Rd7 32. Qb4 d4 33. Kd2 Rc7 34. Ke1 d3 35. c4 bxc4 36. bxc4 Qa6 37. Qc3 Rxc4 38. Qxe5+ Kh7 39. Rd2 Rc1+ 40. Kf2 Qa7+ 41. Kg3 Qg1+ 42. Rg2 Qe1+ 43. Kh3 Qh1+ 44. Qh2 Qf1 45. Qf4 Kg7 46. Qe5+ Kg8 47. Qb8+ Kg7 48. Qe5+ Kf8 49. Qd6+ Ke8 50. Qe5+ Kd7 51. Qd5+ Ke7 52. Qe5+ Kf8 53. Qd6+ Kg8 54. Qb8+ Kg7 55. Qe5+ Kh7 56. Qf4 Kg7 57. Qe5+ 1/2-1/2

[Event "Mitropa Cup (Women)"]
[Site "Zillertal"]
[Date "2015.06.21"]
[Round "8.3"]
[White "Fuchs, Judith"]
[Black "Grgic, Neomi"]
[Result "1-0"]
[WhiteElo "2286"]
[BlackElo "2011"]
[PlyCount "113"]
[EventDate "2015.06.14"]
[EventType "team-tourn"]
[EventRounds "9"]
[EventCountry "AUT"]
[SourceTitle "CBM 167 Extra"]
[Source "ChessBase"]
[SourceDate "2015.09.14"]
[SourceVersion "1"]
[SourceVersionDate "2015.09.14"]
[SourceQuality "1"]
[WhiteTeam "Germany (W)"]
[BlackTeam "Croatia (W)"]
[WhiteTeamCountry "GER"]
[BlackTeamCountry "CRO"]

1. b3 e5 2. Bb2 Nc6 3. e3 Nge7 4. c4 d5 5. cxd5 Nxd5 6. a3 a6 7. Qc2 Be7 8. Nf3 Bf6 9. d3 0-0 10. Be2 Be6 11. Nbd2 g6 12. Ne4 Bg7 13. Nc5 Bc8 14. 0-0 Qe8 15. b4 b6 16. Nb3 Bb7 17. Rfe1 Rd8 18. Rac1 Kh8 19. Qb1 Qe7 20. Qa1 f6 21. Nbd2 Rde8 22. Bd1 Qd7 23. Ba4 Re6 24. Qb1 Qe7 25. Bb3 Rd6 26. Rc2 Nb8 27. Rec1 c6 28. Re1 Rdd8 29. Rcc1 Rfe8 30. Bc2 Qf8 31. d4 exd4 32. Nxd4 Nc7 33. Be4 f5 34. Bf3 Ne6 35. Nxe6 Rxe6 36. Nc4 b5 37. Na5 Rd7 38. Nb3 Red6 39. Nc5 Re7 40. Red1 Rxd1+ 41. Rxd1 Bc8 42. Bxg7+ Kxg7 43. Qd3 Rc7 44. Qd4+ Qf6 45. Qf4 Qe7 46. Rd6 Kg8 47. Qd4 Bd7 48. h4 Be8 49. Re6 Qf8 50. Rd6 Re7 51. Bd1 Bf7 52. Rf6 Qg7 53. Bb3 Bd5 54. Bxd5+ cxd5 55. Qxd5+ Rf7 56. Rb6 Qf8 57. Rb7 1-0

[Event "Mitropa Cup (Women)"]
[Site "Zillertal"]
[Date "2015.06.18"]
[Round "5.2"]
[White "Grgic, Neomi"]
[Black "Sedina, Elena"]
[Result "0-1"]
[WhiteElo "2011"]
[BlackElo "2326"]
[PlyCount "124"]
[EventDate "2015.06.14"]
[EventType "team-tourn"]
[EventRounds "9"]
[EventCountry "AUT"]
[SourceTitle "CBM 167 Extra"]
[Source "ChessBase"]
[SourceDate "2015.09.14"]
[SourceVersion "1"]
[SourceVersionDate "2015.09.14"]
[SourceQuality "1"]
[WhiteTeam "Croatia (W)"]
[BlackTeam "Italy (W)"]
[WhiteTeamCountry "CRO"]
[BlackTeamCountry "ITA"]

1. e4 e6 2. d4 d5 3. Nd2 h6 4. Ngf3 Nf6 5. e5 Nfd7 6. Bd3 c5 7. c3 Nc6 8. Bc2 cxd4 9. cxd4 Qb6 10. Nb3 a5 11. a4 Bb4+ 12. Bd2 Bxd2+ 13. Qxd2 Qb4 14. Qc3 b6 15. Bd3 Bb7 16. Bb5 Rc8 17. Bxc6 Qxc3+ 18. bxc3 Rxc6 19. Kd2 Ke7 20. Rhc1 Ba6 21. Ra3 Rhc8 22. Ne1 f6 23. f4 g5 24. g3 gxf4 25. gxf4 Rg8 26. Ke3 Rg1 27. Nd2 Rc8 28. Ra2 fxe5 29. fxe5 Rcg8 30. Rac2 Rf8 31. Nef3 Rg2 32. c4 dxc4 33. Nxc4 Rxc2 34. Rxc2 Rc8 35. Na3 Rxc2 36. Nxc2 b5 37. axb5 Bxb5 38. Na3 Bc6 39. Nd2 Nb6 40. Kd3 a4 41. Ne4 Bxe4+ 42. Kxe4 Kd7 43. Nb5 Kc6 44. Na7+ Kb7 45. Nb5 Nd5 46. Kd3 Nc7 47. Nd6+ Kc6 48. Kc4 a3 49. Kb3 Kd5 50. Kxa3 Kxd4 51. Nf7 h5 52. Kb4 Nd5+ 53. Kb5 Ne7 54. Kb6 Ng6 55. Kc7 Nxe5 56. Ng5 Kd5 57. Kd8 Ng4 58. h3 e5 59. Ke7 e4 60. Kf7 e3 61. Kg6 e2 62. Nf3 Ne5+ 0-1

[Event "Valpovo op (Women) 17th"]
[Site "Valpovo"]
[Date "2014.12.07"]
[Round "6.5"]
[White "Mican, Karmela"]
[Black "Grgic, Neomi"]
[Result "0-1"]
[WhiteElo "1702"]
[BlackElo "1968"]
[PlyCount "38"]
[EventDate "2014.12.05"]
[EventType "swiss (rapid)"]
[EventRounds "7"]
[EventCountry "CRO"]
[SourceTitle "EXT 2023"]
[Source "ChessBase"]
[SourceDate "2022.10.05"]
[SourceVersion "1"]
[SourceVersionDate "2022.10.05"]
[SourceQuality "1"]

1. e4 e5 2. Nf3 Nc6 3. Bc4 Bc5 4. d3 a6 5. a3 d6 6. h3 Nf6 7. Nc3 h6 8. 0-0 g5 9. Be3 g4 10. hxg4 Bxg4 11. Bxc5 dxc5 12. Ne2 Bxf3 13. gxf3 Nh5 14. Ng3 Rg8 15. Re1 Qh4 16. Re3 Nxg3 17. fxg3 Rxg3+ 18. Kf1 Qh1+ 19. Kf2 Rg2# 0-1

[Event "Valpovo op (Women) 17th"]
[Site "Valpovo"]
[Date "2014.12.05"]
[Round "1.8"]
[White "Bogdanic, Katarina"]
[Black "Grgic, Neomi"]
[Result "0-1"]
[WhiteElo "1521"]
[BlackElo "1968"]
[PlyCount "112"]
[EventDate "2014.12.05"]
[EventType "swiss (rapid)"]
[EventRounds "7"]
[EventCountry "CRO"]
[SourceTitle "EXT 2023"]
[Source "ChessBase"]
[SourceDate "2022.10.05"]
[SourceVersion "1"]
[SourceVersionDate "2022.10.05"]
[SourceQuality "1"]

1. c4 e5 2. g3 Nf6 3. Bg2 d5 4. cxd5 Nxd5 5. Nc3 Nb6 6. Nf3 Nc6 7. d3 Be7 8. Bd2 0-0 9. 0-0 Be6 10. Rc1 f5 11. Ne1 Bg5 12. Bxg5 Qxg5 13. f4 exf4 14. Rxf4 Rad8 15. Nc2 Qe7 16. Rf1 Nc4 17. b3 N4e5 18. Kh1 Ng4 19. h3 Nge5 20. Qe1 Rf6 21. Qf2 Rh6 22. Kg1 Ng6 23. d4 Nb4 24. Nxb4 Qxb4 25. d5 Bc8 26. Rfd1 f4 27. g4 Qe7 28. Ne4 Rh4 29. Qf3 Ne5 30. Qxf4 h5 31. Qg5 Qxg5 32. Nxg5 hxg4 33. hxg4 Rxg4 34. Ne6 Bxe6 35. dxe6 Rxd1+ 36. Rxd1 Kf8 37. Kf2 Ke7 38. Bh3 Rh4 39. Kg3 Re4 40. Kf2 g5 41. Bg2 Rf4+ 42. Ke1 c6 43. Rc1 Kxe6 44. Rc3 g4 45. Rg3 Rf8 46. Kd2 Kf5 47. Re3 Kf4 48. Re4+ Kf5 49. Re3 Rh8 50. Ke1 Rd8 51. Kf2 Rd2 52. a3 Rd5 53. Rc3 Rd6 54. Re3 b6 55. Be4+ Kf4 56. Bg2 g3+ 0-1

[Event "Wch U18 Girls"]
[Site "Durban"]
[Date "2014.09.26"]
[Round "8"]
[White "Xiao, Yiyi"]
[Black "Grgic, Neomi"]
[Result "1-0"]
[WhiteElo "2168"]
[BlackElo "1935"]
[PlyCount "73"]
[EventDate "2014.09.20"]
[EventType "swiss"]
[EventRounds "11"]
[EventCountry "RSA"]
[SourceTitle "CBM 162 Extra"]
[Source "ChessBase"]
[SourceDate "2014.10.17"]
[SourceVersion "1"]
[SourceVersionDate "2014.10.17"]
[SourceQuality "1"]

1. d4 Nf6 2. c4 e6 3. Nf3 b6 4. g3 Bb7 5. Bg2 Be7 6. 0-0 0-0 7. Nc3 Ne4 8. Qc2 Nxc3 9. Qxc3 d6 10. Rd1 Nd7 11. Qc2 Nf6 12. Bf4 Be4 13. Qc3 Qc8 14. b4 Qb7 15. Ne1 Bxg2 16. Nxg2 Rfd8 17. a3 Rd7 18. Qb3 c5 19. d5 e5 20. Bg5 Nxd5 21. Rxd5 Bxg5 22. Rad1 Rad8 23. b5 f5 24. h4 Bf6 25. Qf3 g6 26. e4 Bg7 27. exf5 Rf8 28. Ne3 Rdf7 29. g4 h5 30. g5 gxf5 31. Qxh5 Bh8 32. Rxd6 Rh7 33. Qg6+ Qg7 34. Qe6+ Qf7 35. g6 Rg7 36. Nxf5 Qxe6 37. Nh6# 1-0